000
00403nam a22001697a 4500
003
MPLRDC
005
20220104144113.0
008
210129b ||||| |||| 00| 0 eng d
082
_a
690 TL
100
_a
唐玲主编
245
_a
神州心影, 中国旅行记
_c
250
_a
初版
260
_a
_b
汉风文艺研究会
_c
1983
300
_b
平
650
_a
中国游记
942
_c
BK
_o
690 TL
999
_c
46389
_d
46379